[Event "Isola di Capo Rizzuto op"]
[Site "Isola di Capo Rizzuto"]
[Date "2014.07.10"]
[Round "4"]
[White "Manfredi, Candido"]
[Black "Colantonio, Marco"]
[Result "1-0"]
[WhiteElo "1726"]
[BlackElo "1705"]
[PlyCount "59"]
[EventDate "2014.07.07"]
[EventType "swiss"]
[EventRounds "7"]
[EventCountry "ITA"]
[SourceTitle "EXT 2024"]
[Source "ChessBase"]
[SourceDate "2023.10.10"]
[SourceVersion "1"]
[SourceVersionDate "2023.10.10"]
[SourceQuality "1"]

1. d4 f5 2. c4 Nf6 3. Nc3 g6 4. Bg5 Bg7 5. Qd2 h6 6. Be3 d6 7. Qc2 Ng4 8. h3 Nxe3 9. fxe3 e5 10. 0-0-0 e4 11. Nxe4 Qe7 12. Nc3 Qxe3+ 13. Kb1 Bxd4 14. Nd5 Qf2 15. Nxc7+ Kf7 16. Nxa8 Na6 17. Qd2 Be5 18. Nf3 Qc5 19. Nxe5+ Qxe5 20. Qd5+ Be6 21. Qxe5 dxe5 22. g4 Rxa8 23. Bg2 Bxc4 24. Bd5+ Bxd5 25. Rxd5 Ke6 26. Rhd1 fxg4 27. hxg4 e4 28. Rd6+ Ke5 29. e3 Rg8 30. R1d5# 1-0

[Event "Isola di Capo Rizzuto op"]
[Site "Isola di Capo Rizzuto"]
[Date "2014.07.09"]
[Round "3"]
[White "Grillo, Gianluca"]
[Black "Manfredi, Candido"]
[Result "0-1"]
[WhiteElo "1373"]
[BlackElo "1726"]
[PlyCount "90"]
[EventDate "2014.07.07"]
[EventType "swiss"]
[EventRounds "7"]
[EventCountry "ITA"]
[SourceTitle "EXT 2024"]
[Source "ChessBase"]
[SourceDate "2023.10.10"]
[SourceVersion "1"]
[SourceVersionDate "2023.10.10"]
[SourceQuality "1"]

1. d4 Nf6 2. Bf4 e6 3. e3 d5 4. Nd2 Nbd7 5. Be2 c6 6. h3 Qb6 7. Rb1 Be7 8. Ngf3 0-0 9. 0-0 c5 10. c3 Qa5 11. Qb3 c4 12. Qc2 h6 13. Ne5 Nxe5 14. dxe5 Nd7 15. Nf3 Qxa2 16. Ra1 Qb3 17. Bd1 Qxc2 18. Bxc2 f6 19. e4 fxe5 20. Bxe5 Nxe5 21. Nxe5 Bd6 22. Ng6 Rd8 23. e5 Bc5 24. Kh1 Bd7 25. Ba4 b5 26. Bc2 Be8 27. Nf4 Bf7 28. Bg6 d4 29. Bxf7+ Kxf7 30. Ra6 Bb6 31. cxd4 Rxd4 32. g3 Rd2 33. Ra3 Rxf2 34. Rxf2 Bxf2 35. Rf3 Bb6 36. Nd5+ Kg8 37. Ne7+ Kh7 38. Nc6 Rc8 39. Nb4 a5 40. Na2 Rc7 41. Nc3 b4 42. Nb5 Rc5 43. Nd6 c3 44. bxc3 bxc3 45. Ne4 c2 0-1

[Event "Isola di Capo Rizzuto op"]
[Site "Isola di Capo Rizzuto"]
[Date "2014.07.07"]
[Round "1"]
[White "Malerba, Gianluca"]
[Black "Manfredi, Candido"]
[Result "1/2-1/2"]
[WhiteElo "1476"]
[BlackElo "1726"]
[PlyCount "94"]
[EventDate "2014.07.07"]
[EventType "swiss"]
[EventRounds "7"]
[EventCountry "ITA"]
[SourceTitle "EXT 2024"]
[Source "ChessBase"]
[SourceDate "2023.10.10"]
[SourceVersion "1"]
[SourceVersionDate "2023.10.10"]
[SourceQuality "1"]

1. e4 c6 2. f4 d5 3. exd5 cxd5 4. d4 Nf6 5. Nf3 Bg4 6. Be2 e6 7. c3 Be7 8. 0-0 0-0 9. Nbd2 Nbd7 10. Ne5 Bxe2 11. Qxe2 Qb6 12. Kh1 Rad8 13. Ndf3 Ne4 14. Nd2 f5 15. Rf3 Ndf6 16. Nxe4 Nxe4 17. Be3 Bf6 18. Rh3 Bxe5 19. dxe5 Qc7 20. Qh5 g6 21. Qe2 a6 22. a4 Rc8 23. Qe1 Qc4 24. Qh4 Rf7 25. Qe1 Qb3 26. Bc1 Rc4 27. Ra3 Qc2 28. Rf3 Rxa4 29. Rxa4 Qxa4 30. Be3 Qc2 31. Qa1 Kg7 32. Qa3 Nd2 33. Rh3 Qd1+ 34. Bg1 Qg4 35. Qd6 Qxf4 36. Qxe6 Ne4 37. Rxh7+ Kxh7 38. Qxf7+ Kh6 39. Qf8+ Kg5 40. Qe7+ Kh5 41. Qh7+ Qh6 42. Qxb7 Kg4 43. h3+ Kf4 44. Bh2+ Ke3 45. Qb6+ Kd2 46. e6 Qh4 47. Qd4+ Ke2 1/2-1/2

[Event "Calabria Province-ch"]
[Site "Crotone"]
[Date "2012.12.30"]
[Round "5"]
[White "Manfredi, Candido"]
[Black "Olivo, Paolo"]
[Result "1/2-1/2"]
[WhiteElo "1708"]
[BlackElo "1772"]
[PlyCount "104"]
[EventDate "2012.12.28"]
[EventType "swiss"]
[EventRounds "5"]
[EventCountry "ITA"]
[SourceTitle "EXT 2024"]
[Source "ChessBase"]
[SourceDate "2023.10.10"]
[SourceVersion "1"]
[SourceVersionDate "2023.10.10"]
[SourceQuality "1"]

1. d4 g6 2. c4 Bg7 3. Nf3 d6 4. g3 Nf6 5. Bg2 0-0 6. 0-0 Nbd7 7. Nc3 e5 8. d5 c5 9. dxc6 bxc6 10. Qxd6 Re8 11. Qxc6 Rb8 12. Qa4 a6 13. Qc2 Bb7 14. Rb1 Qc7 15. b3 Nc5 16. Re1 h6 17. e4 Rbd8 18. Nd5 Nxd5 19. exd5 e4 20. Bf4 Qc8 21. Nd2 f5 22. Bf1 Nd7 23. Bh3 Bxd5 24. Nf1 g5 25. Bd2 Ne5 26. Bg2 Bc6 27. Bc3 Nf3+ 28. Bxf3 exf3 29. Bxg7 Kxg7 30. Qc3+ Kg6 31. Rxe8 Rxe8 32. Re1 Be4 33. h3 f4 34. g4 h5 35. Qd4 Qc6 36. Nd2 Bc2 37. Rxe8 Qxe8 38. Nxf3 hxg4 39. hxg4 Qe6 40. Ne5+ Kf6 41. Nd7+ Kf7 42. Qd5 Qxd5 43. cxd5 Be4 44. Nc5 Bxd5 45. Nxa6 Bf3 46. Nc5 Ke7 47. Kf1 Kd6 48. b4 Kd5 49. Ke1 Bxg4 50. Kd2 Bf5 51. Nd3 Kc4 52. Ne5+ Kxb4 1/2-1/2

[Event "Calabria Province-ch"]
[Site "Crotone"]
[Date "2012.12.28"]
[Round "1"]
[White "Morelli, Gaetano"]
[Black "Manfredi, Candido"]
[Result "1-0"]
[WhiteElo "1891"]
[BlackElo "1708"]
[PlyCount "57"]
[EventDate "2012.12.28"]
[EventType "swiss"]
[EventRounds "5"]
[EventCountry "ITA"]
[SourceTitle "EXT 2024"]
[Source "ChessBase"]
[SourceDate "2023.10.10"]
[SourceVersion "1"]
[SourceVersionDate "2023.10.10"]
[SourceQuality "1"]

1. e4 e6 2. d3 d5 3. Nd2 Nf6 4. Ngf3 Be7 5. g3 c6 6. Bg2 Qc7 7. 0-0 0-0 8. Re1 Re8 9. e5 Nfd7 10. Nf1 c5 11. c3 Nc6 12. Bf4 d4 13. h4 Qa5 14. c4 Qb6 15. Rb1 Qd8 16. N1h2 f5 17. Ng5 Nf8 18. Qh5 Bd7 19. a3 Rb8 20. g4 Bxg5 21. Bxg5 Ne7 22. gxf5 exf5 23. e6 Bc6 24. Qf7+ Kh8 25. h5 h6 26. Bf4 Rc8 27. Be5 Nxe6 28. Qxe6 Bxg2 29. Qxh6+ 1-0

[Event "Calabria Province-ch"]
[Site "Cutro"]
[Date "2012.02.26"]
[Round "5"]
[White "Manfredi, Candido"]
[Black "Scerra, Ezio"]
[Result "1-0"]
[WhiteElo "1713"]
[BlackElo "1634"]
[PlyCount "87"]
[EventDate "2012.02.24"]
[EventType "swiss"]
[EventRounds "5"]
[EventCountry "ITA"]
[SourceTitle "EXT 2024"]
[Source "ChessBase"]
[SourceDate "2023.10.10"]
[SourceVersion "1"]
[SourceVersionDate "2023.10.10"]
[SourceQuality "1"]

1. d4 c5 2. d5 Nf6 3. c4 b5 4. b3 bxc4 5. bxc4 d6 6. Bb2 Ba6 7. e3 Ne4 8. Nf3 Nd7 9. Bd3 Qa5+ 10. Nfd2 Nxd2 11. Qxd2 Qxd2+ 12. Nxd2 Ne5 13. Be2 e6 14. e4 exd5 15. exd5 Be7 16. 0-0 Rb8 17. Bxe5 dxe5 18. Rab1 0-0 19. Rb3 Rb6 20. Rfb1 Rfb8 21. Kf1 f5 22. f3 Bd6 23. g3 Bc7 24. h4 R6b7 25. Kf2 Ba5 26. Ke3 Bxd2+ 27. Kxd2 Rb4 28. Kc3 R4b6 29. Bd3 Rxb3+ 30. axb3 Rb4 31. Ra1 e4 32. fxe4 fxe4 33. Bxe4 Bb5 34. Rxa7 Be8 35. Rc7 Bh5 36. d6 Bd1 37. Bc2 Bg4 38. Rxc5 Rb7 39. Rc6 Rb8 40. c5 Rc8 41. Rxc8+ Bxc8 42. c6 Kf8 43. d7 Bxd7 44. cxd7 1-0

[Event "Amantea op-B 9th"]
[Site "Amantea"]
[Date "2011.09.06"]
[Round "3"]
[White "Manfredi, Candido"]
[Black "La Franca, Vincenzo"]
[Result "0-1"]
[WhiteElo "1752"]
[BlackElo "1640"]
[PlyCount "100"]
[EventDate "2011.09.04"]
[EventType "swiss"]
[EventRounds "8"]
[EventCountry "ITA"]
[SourceTitle "EXT 2014"]
[Source "ChessBase"]
[SourceDate "2013.11.20"]
[SourceVersion "1"]
[SourceVersionDate "2013.11.20"]
[SourceQuality "1"]

1. g3 d5 2. Bg2 e6 3. c4 c6 4. cxd5 exd5 5. d3 Nf6 6. Nf3 Be7 7. 0-0 0-0 8. Nbd2 Bf5 9. Qb3 Qc8 10. Re1 Nbd7 11. Nh4 Be6 12. Qc2 d4 13. e4 dxe3 14. fxe3 Ng4 15. Nhf3 Bc5 16. Ne4 Be7 17. d4 Nb6 18. Neg5 Bf5 19. e4 Bg6 20. Nh4 Bf6 21. Nxg6 hxg6 22. e5 Bxg5 23. Bxg5 Qf5 24. Qxf5 gxf5 25. b3 Nd5 26. h3 f6 27. hxg4 fxg5 28. gxf5 Rxf5 29. Bxd5+ cxd5 30. Rf1 g6 31. Kg2 Rc8 32. Rac1 Rxc1 33. Rxc1 Rf7 34. Rc5 Rd7 35. Kf3 Kf7 36. Kg4 Ke6 37. Kxg5 Rf7 38. Rc3 Rf2 39. a4 Rd2 40. Rc7 Rxd4 41. Rxb7 Kxe5 42. Re7+ Kd6 43. Re3 Re4 44. Rxe4 dxe4 45. Kf4 Kd5 46. Ke3 a5 47. b4 axb4 48. a5 b3 49. Kd2 e3+ 50. Kxe3 b2 0-1

[Event "Amantea op-B 9th"]
[Site "Amantea"]
[Date "2011.09.05"]
[Round "2"]
[White "Trematerra, Massimiliano"]
[Black "Manfredi, Candido"]
[Result "0-1"]
[WhiteElo "1511"]
[BlackElo "1752"]
[PlyCount "112"]
[EventDate "2011.09.04"]
[EventType "swiss"]
[EventRounds "8"]
[EventCountry "ITA"]
[SourceTitle "EXT 2014"]
[Source "ChessBase"]
[SourceDate "2013.11.20"]
[SourceVersion "1"]
[SourceVersionDate "2013.11.20"]
[SourceQuality "1"]

1. d4 g6 2. c4 Bg7 3. Nc3 d6 4. Bf4 Nc6 5. Nf3 Nf6 6. d5 Nb8 7. Qc2 Nbd7 8. Bg3 a6 9. e4 0-0 10. h3 e5 11. dxe6 fxe6 12. Rd1 e5 13. Bh4 Qe8 14. b4 b6 15. Na4 Bb7 16. Bd3 Nh5 17. c5 Bc6 18. cxb6 Bxa4 19. Bc4+ Kh8 20. Qxa4 Nxb6 21. Qxe8 Rfxe8 22. Bb3 Nf4 23. 0-0 a5 24. Ng5 h6 25. Nf7+ Kh7 26. bxa5 Rxa5 27. Bd8 Ra7 28. Rd2 Ne6 29. Nxd6 Rxd8 30. Bxe6 Rxd6 31. Rxd6 cxd6 32. Rb1 Na4 33. Rb4 Nc5 34. Bd5 h5 35. Kf1 Ra4 36. Rb6 Nxe4 37. Bxe4 Rxe4 38. Rxd6 Ra4 39. Rd2 e4 40. Ke2 Bd4 41. Kd1 Rc4 42. Ke2 Kg7 43. g4 Kf6 44. gxh5 gxh5 45. Kf1 Kf5 46. Kg2 h4 47. Re2 Rb4 48. f3 Rb2 49. Rxb2 Bxb2 50. a4 e3 51. Kf1 Bc3 52. Ke2 Kf4 53. a5 Bxa5 54. Kf1 Kxf3 55. Kg1 e2 56. Kh2 Bc7+ 0-1

[Event "Crotone Marzo op"]
[Site "Crotone"]
[Date "2011.06.19"]
[Round "5"]
[White "Manfredi, Candido"]
[Black "Scerra, Ezio"]
[Result "1/2-1/2"]
[WhiteElo "1707"]
[BlackElo "1509"]
[PlyCount "58"]
[EventDate "2011.06.17"]
[EventType "swiss"]
[EventRounds "5"]
[EventCountry "ITA"]
[SourceTitle "EXT 2024"]
[Source "ChessBase"]
[SourceDate "2023.10.10"]
[SourceVersion "1"]
[SourceVersionDate "2023.10.10"]
[SourceQuality "1"]

1. e4 d6 2. d4 Nf6 3. Bd3 Be6 4. Ne2 g6 5. f3 Bg7 6. c3 Qd7 7. d5 Bxd5 8. exd5 Nxd5 9. Bxg6 Nxc3 10. Bxf7+ Kxf7 11. Nbxc3 Nc6 12. Qd5+ e6 13. Qh5+ Kg8 14. 0-0 a6 15. Qg4 Ne5 16. Qh3 h6 17. f4 Nf7 18. Qg4 Kh7 19. f5 Ne5 20. Qe4 exf5 21. Rxf5 Ng6 22. Bd2 Rae8 23. Qxb7 Qxf5 24. Rf1 Qc5+ 25. Kh1 Rhf8 26. Rc1 Qf2 27. Qd5 Rxe2 28. Nxe2 Qxe2 29. Rg1 Nf4 1/2-1/2

[Event "Crotone Province-ch 11"]
[Site "Crotone"]
[Date "2010.11.28"]
[Round "5"]
[White "Olivo, Paolo"]
[Black "Manfredi, Candido"]
[Result "1/2-1/2"]
[WhiteElo "1712"]
[BlackElo "1680"]
[PlyCount "38"]
[EventDate "2010.11.20"]
[EventType "swiss"]
[EventRounds "6"]
[EventCountry "ITA"]
[SourceTitle "EXT 2024"]
[Source "ChessBase"]
[SourceDate "2023.10.10"]
[SourceVersion "1"]
[SourceVersionDate "2023.10.10"]
[SourceQuality "1"]

1. e4 g6 2. d4 Bg7 3. c4 d6 4. Nc3 Nd7 5. Nf3 e5 6. dxe5 Nxe5 7. Nxe5 Bxe5 8. Be3 Bg7 9. Bd4 Nf6 10. Be2 0-0 11. 0-0 Be6 12. f4 c6 13. f5 Bd7 14. Qb3 c5 15. Be3 Bc6 16. Qc2 Re8 17. fxg6 fxg6 18. Bg5 h6 19. Bxf6 Bxf6 1/2-1/2

[Event "Crotone Province-ch"]
[Site "Crotone"]
[Date "2010.02.28"]
[Round "3"]
[White "Manfredi, Candido"]
[Black "Olivo, Paolo"]
[Result "0-1"]
[WhiteElo "1704"]
[BlackElo "1676"]
[PlyCount "98"]
[EventDate "2010.02.27"]
[EventType "swiss"]
[EventRounds "6"]
[EventCountry "ITA"]
[SourceTitle "EXT 2024"]
[Source "ChessBase"]
[SourceDate "2023.10.10"]
[SourceVersion "1"]
[SourceVersionDate "2023.10.10"]
[SourceQuality "1"]

1. e4 c5 2. Nf3 d6 3. d4 cxd4 4. Nxd4 Nf6 5. Nc3 a6 6. Bd3 e5 7. Nde2 Nbd7 8. 0-0 Be7 9. f4 Ng4 10. Nd5 Ndf6 11. Nec3 Nxd5 12. Nxd5 h5 13. f5 Bh4 14. Qf3 Bd7 15. h3 Nf6 16. g3 Nxd5 17. exd5 Bf6 18. Rb1 Qa5 19. a3 0-0-0 20. b4 Qa4 21. Be3 Kb8 22. Qe4 Be7 23. Rb3 g6 24. f6 Bf8 25. Kh2 Bh6 26. h4 Bf5 27. Rxf5 gxf5 28. Qg2 Bxe3 29. Bxf5 Bc1 30. Qf3 Rh6 31. Be4 Rg8 32. c4 Bf4 33. gxf4 exf4 34. Rb2 Rg3 35. Qxf4 Qxa3 36. Qxd6+ Ka8 37. Qxg3 Qxb2+ 38. Qg2 Qe5+ 39. Kh3 Rxf6 40. Qg5 Qc3+ 41. Qg3 Qxc4 42. d6 Qxe4 43. Qg8+ Ka7 44. Qg1+ b6 45. d7 Rf3+ 46. Kh2 Qxh4+ 47. Kg2 Rg3+ 48. Kf2 Rxg1+ 49. Kxg1 Qd4+ 0-1

[Event "KR Province-ch"]
[Site "Cutro"]
[Date "2008.12.06"]
[Round "3"]
[White "Scerra, Ezio"]
[Black "Manfredi, Candido"]
[Result "0-1"]
[WhiteElo "1368"]
[BlackElo "1695"]
[PlyCount "152"]
[EventDate "2008.12.05"]
[EventType "swiss"]
[EventRounds "5"]
[EventCountry "ITA"]
[SourceTitle "EXT 2011"]
[Source "ChessBase"]
[SourceDate "2010.11.26"]
[SourceVersion "1"]
[SourceVersionDate "2010.11.26"]
[SourceQuality "1"]

1. c4 e6 2. g3 c5 3. Nc3 Nf6 4. Nf3 Be7 5. e4 d6 6. Bg2 e5 7. Qc2 0-0 8. 0-0 Nc6 9. Ne2 b6 10. d3 Bb7 11. Be3 a5 12. Ne1 Ng4 13. Qd2 f5 14. exf5 Rxf5 15. h3 Nxe3 16. fxe3 Rxf1+ 17. Kxf1 Qd7 18. Bd5+ Kh8 19. Kg2 Rf8 20. Nf3 Bc8 21. Neg1 Nb4 22. Be4 Bf6 23. a3 Na6 24. Rf1 Bb7 25. Ng5 h6 26. Bxb7 Qxb7+ 27. Ne4 Nb8 28. Kh2 Nd7 29. Nxd6 Qc6 30. Nb5 Rd8 31. e4 Nf8 32. Nf3 Nh7 33. Nc3 Ng5 34. Nd5 Qe6 35. Nxg5 Bxg5 36. Qf2 Kg8 37. h4 Be7 38. Qf5 Rd6 39. Qxe6+ Rxe6 40. a4 Kh7 41. Rf7 Bd8 42. Rb7 Rd6 43. Rb8 Kg6 44. Rb7 h5 45. Kh3 Kh6 46. Ne7 Bxe7 47. Rxe7 g6 48. Rxe5 Rxd3 49. Re6 Rb3 50. Re8 Kg7 51. Rd8 Rxb2 52. Rd6 Rb4 53. e5 Kf7 54. g4 Rb3+ 55. Kg2 hxg4 56. Rd7+ Ke6 57. Rg7 Kxe5 58. Rxg6 Kf4 59. h5 Kf5 60. Rd6 Ke5 61. Rg6 Kf5 62. Rd6 Kf4 63. Rd1 Rb2+ 64. Kg1 Kg5 65. Rd5+ Kh6 66. Rf5 Rb4 67. Kg2 Rxc4 68. Rf6+ Kxh5 69. Rxb6 Rxa4 70. Rb5 Kh4 71. Rxc5 Ra2+ 72. Kg1 g3 73. Rc1 a4 74. Re1 a3 75. Kf1 Rb2 76. Kg1 a2 0-1

[Event "Crotone Province-ch 07"]
[Site "Cutro"]
[Date "2006.12.10"]
[Round "7"]
[White "Virelli, Salvatore"]
[Black "Manfredi, Candido"]
[Result "0-1"]
[WhiteElo "1539"]
[BlackElo "1572"]
[PlyCount "102"]
[EventDate "2006.12.07"]
[EventType "swiss"]
[EventRounds "7"]
[EventCountry "ITA"]
[SourceTitle "EXT 2024"]
[Source "ChessBase"]
[SourceDate "2023.10.10"]
[SourceVersion "1"]
[SourceVersionDate "2023.10.10"]
[SourceQuality "1"]

1. e4 e5 2. Nf3 Nc6 3. Bc4 d6 4. d3 Na5 5. Nbd2 Nxc4 6. Nxc4 Be7 7. 0-0 Nf6 8. h3 0-0 9. Re1 h6 10. c3 Nh7 11. d4 b5 12. Ne3 Ng5 13. Nxg5 Bxg5 14. Qf3 Bb7 15. Nf5 Bxc1 16. Raxc1 Qg5 17. Qg3 Rae8 18. Qxg5 hxg5 19. d5 g6 20. Nh6+ Kg7 21. Ng4 f5 22. Ne3 fxe4 23. b3 c5 24. b4 c4 25. a4 a6 26. a5 Re7 27. Rcd1 Ref7 28. Rd2 Bc8 29. Nf1 Rf4 30. g3 Rf3 31. Rc2 Bxh3 32. Nh2 Rd3 33. Rcc1 Bf5 34. g4 Bc8 35. Red1 Rf4 36. Kg2 Bxg4 37. Rxd3 exd3 38. Nxg4 Rxg4+ 39. Kf3 Rf4+ 40. Kg3 Kf6 41. Kg2 e4 42. Re1 g4 43. Kg3 g5 44. Rh1 Kf5 45. Rd1 Ke5 46. Kg2 Kxd5 47. Kf1 g3 48. Rxd3+ exd3 49. Kg2 Rxf2+ 50. Kg1 d2 51. Kh1 d1Q# 0-1